000 01414cam a2200253 4500500
005 20251228065642.0
041 _afre
042 _adc
100 1 0 _aMacquaire, Patrick
_eauthor
700 1 0 _aGomez, Jean-François
_eauthor
245 0 0 _aUne cité de transit et ses habitants
260 _c2022.
500 _a29
520 _aDans cette interview, un acteur du développement social évoque, à propos de son ouvrage, une expérience exceptionnelle dans une cité de transit à Chartres. Quelles difficultés particulières a-t-il rencontrées ? Quelle place particulière a pu occuper, dans la représentation du quartier, l’image omniprésente de Raymond Isidore, le balayeur mythique surnommé « Picassiette » qui avait vécu là, près du cimetière ? Sur quelles théories s’est-il appuyé pour faire sortir les habitants de leur ghetto ? Comment le politique a-t-il pu rencontrer l’esthétique à partir d’une pratique étendue de la mosaïque ?
690 _a« Picassiette »
690 _aArt
690 _acité de transit
690 _acomplexité
690 _adéveloppement social
690 _apolitique
690 _arégie de quartier
786 0 _nVST - Vie sociale et traitements | 155 | 3 | 2022-07-29 | p. 79-86 | 0396-8669
856 4 1 _uhttps://shs.cairn.info/revue-vie-sociale-et-traitements-2022-3-page-79?lang=fr&redirect-ssocas=7080
999 _c1591958
_d1591958